| 000 | 00528nam a22001817a 4500 | ||
|---|---|---|---|
| 999 |
_c526115 _d526115 |
||
| 003 | NUST | ||
| 020 | _a- | ||
| 038 | _aZafar Malik | ||
| 082 |
_a891.421 _bDIL |
||
| 100 |
_aDilawar, Father Simson Prof. _917077 |
||
| 245 |
_aBhanday Saray Mitti Day \ _cProf. Father Simson Dilawar |
||
| 260 |
_aLahore : _bFiction House ; _c2010. |
||
| 300 | _a126 p. ; | ||
| 500 | _aHardcover | ||
| 880 |
_6100-02\r _aپروفیسر فادر سیمسن دلاور |
||
| 880 |
_6245-02\r _aبھانڈے سارے مٹی دے |
||
| 942 |
_2ddc _cBK |
||